000 00662nam a2200253Ia 4500
003 OSt
005 20221007103207.0
006 a|||||r|||| 00| 0
007 ta
008 221006b |||||||| |||| 00| 0 hin d
024 _a12,478
037 _cTextual
040 _aLCO
_cLCO
_bhin
041 _2hin
_ahin
082 _aZ2,218, P1
100 _aPrasad Anirudh
245 0 _aParyavaran ave Paryavarniye Sanrakshan Vidhi
250 _a1st
260 _aAllahabad
_bCentral Law Publication India
_c2001
300 _a540
650 _aEnvironmental Law
942 _hZ2,218, P1
_cTEXL
999 _c1182041
_d1182041